| 000 | 00728nam a2200217 a 4500 | ||
|---|---|---|---|
| 001 | 000047462 | ||
| 005 | 20250129121827.0 | ||
| 008 | 130708s2017 dr 000 p spa d | ||
| 020 | _a9789945503111 | ||
| 040 |
_aDO-SdBNP _bspa _cBNPHU |
||
| 082 |
_axxx _bI37t |
||
| 100 | 1 |
_aIncháustegui Cabral, Héctor, _d1912-1979 _921024 |
|
| 245 | 1 | 0 |
_aTres miradas al sur / _cHéctor Incháustegui Cabral, Freddy Gatón Arce, Lupo Hernández Rueda. |
| 260 |
_aSanto Domingo : _bNacional, _c2017. |
||
| 300 |
_a122 p. ; _c24 cm. |
||
| 490 | 1 |
_aHomenaje ; _v5 |
|
| 590 | _aInventariado, 2018/ YL | ||
| 700 | 1 | 2 |
_aGatón Arce, Freddy, _d1920-1994 _97946 |
| 700 | 2 |
_aHernández Rueda, Lupo, _d1930-2017 _923790 |
|
| 830 | 0 |
_aHomenaje _n5 _975088 |
|
| 999 |
_c46950 _d46950 |
||